Voldemort’s horcruxes - Statistics

General Stats
  • This quiz has been taken 22 times
  • The average score is 5 of 7
Answer Stats
Answer % Correct
Harry Potter
100%
Tom Riddle’s diary
71%
Marvolo Gaunt’s ring
64%
Rowena Ravenclaw’s diadem
64%
Helga Hufflepuff’s cup
57%
Nagini
57%
Salazar Slytherin’s locket
50%
No matching quizzes found
Score Distribution
Percent of People with Each Score
Percentile by Number Answered
Your Score History
You have not taken this quiz